| 000 | 00634nam a2200265Ia 4500 | ||
|---|---|---|---|
| 005 | 20260121161445.0 | ||
| 008 | 008 260114s9999 xx 000 0 eng d | ||
| 020 | _a9781315375670 | ||
| 037 | _aEBOOK | ||
| 040 | _aCRL | ||
| 040 | _beng | ||
| 040 | _cCRL | ||
| 041 | _2eng | ||
| 041 | _aeng | ||
| 084 | _qCRL | ||
| 100 |
_aMedicine and Literature, Volume Two _91045110 |
||
| 245 | 0 | _aJohn Salinsky | |
| 260 | _bTaylor and Francis | ||
| 260 | _c2004 | ||
| 650 |
_aMedicine _91045111 |
||
| 856 | _uhttp://www.taylorfrancis.com/books/9781315375670 | ||
| 942 | _cEBOOK | ||
| 999 |
_c1610963 _d1610963 |
||